|
|
|
|
| LEADER |
00805naa a2200217 i 4500 |
| 001 |
acta61546 |
| 005 |
20260224081030.0 |
| 008 |
190924s2018 hu o 100 hun d |
| 040 |
|
|
|a SZTE Egyetemi Kiadványok Repozitórium
|b hun
|
| 041 |
|
|
|a hun
|
| 100 |
1 |
|
|a Kasik László
|
| 245 |
1 |
0 |
|a Középiskolások és egyetemisták problémamegoldása
|h [elektronikus dokumentum] /
|c Kasik László
|
| 260 |
|
|
|c 2018
|
| 300 |
|
|
|a 49
|
| 490 |
0 |
|
|a Pedagógiai Értékelési Konferencia
|v 16
|
| 695 |
|
|
|a Problémamegoldás - szociális - előadáskivonat
|
| 700 |
0 |
1 |
|a Gál Zita
|e aut
|
| 700 |
0 |
1 |
|a Jámbori Szilvia
|e aut
|
| 700 |
0 |
1 |
|a Fejes József Balázs
|e aut
|
| 710 |
|
|
|a Pedagógiai Értékelési Konferencia (16.) (2018) (Szeged)
|
| 856 |
4 |
0 |
|u http://acta.bibl.u-szeged.hu/61546/1/pek_2018_049.pdf
|z Dokumentum-elérés
|